Music Quiz

Random Music or Song Quiz

NEXT 5 Words Quiz Stats

 Plays Quiz Updated Feb 29, 2012

Also try: Previous 5 Words
Challenge
Share
Tweet
Embed
Score 0/20 Timer 08:00
1 Play Today
The line Next 5 words % Correct
Stop ! In the name of loveBefore you break my heart
84.2%
When I find myself in times of troubleMother Mary comes to me
75.7%
Yo I'll tell you what I wantWhat I really really want
68.6%
I got you to hold my handI got you to understand
54.8%
She's got a smile that it seems to meReminds me of childhood memories
47.5%
I'm a Barbie girl in the Barbie world Life in plastic, it's fantastic
46.7%
It was always burningSince the world's been turning
45.2%
There's a lady who's sureAll that glitters is gold
42.9%
Too late, my time has comeSends shivers down my spine
33.5%
The colors of the rainbowSo pretty in the sky
31%
The line Next 5 words % Correct
And if you'll only hold me tightWe'll be holding on forever
30.7%
Now Watergate does not bother me Does your conscience bother you ?
29%
If you change your mindI'm the first in line
26.3%
Hey where did we goDays when the rains came
21.7%
Well, I got down on my kneesAnd I pretend to pray
20.8%
When the night is over, like a bat out of hellI'll be gone, gone, gone
18.2%
Took her bowling in the arcadeWe went strolling, drank lemonade
17.8%
Oh my love, my darlingI've hungered for your touch
17.6%
When I was a little girlI had a rag doll
15.9%
They were young and they had each otherWho could ask for more ?
14.7%

You're not logged in!

Compare scores with friends on all Sporcle quizzes.
Join for Free
OR
Log In

You Might Also Like...

Show Comments

Extras

Top Quizzes Today


Score Distribution

Your Account Isn't Verified!

In order to create a playlist on Sporcle, you need to verify the email address you used during registration. Go to your Sporcle Settings to finish the process.

Report this User

Report this user for behavior that violates our Community Guidelines.

Details: